| 000 | 00569nam a2200193Ia 4500 | ||
|---|---|---|---|
| 008 | 140626s9999 xx 000 0 und d | ||
| 100 | _aSlade, Sarah. | ||
| 245 |
_aLate-life body mass index and dementia : _ban intergrative literature review / _cSarah Slade ... [et al.]. |
||
| 260 | _cc2012. | ||
| 300 | _a8 : 9, page 725 | ||
| 440 | _aThe Journal for Nurse Practitioners (JNP) | ||
| 521 | _aNUR | ||
| 650 | _aAlzheimer's disease. | ||
| 650 | _aBody mass index. | ||
| 650 | _aDementia. | ||
| 650 | _aLate life. | ||
| 650 | _aMidlife obesity. | ||
| 942 | _cSE | ||
| 999 |
_c121445 _d121445 |
||